<?xml version="1.0" encoding="UTF-8"?>
<record
    xmlns:xsi="http://www.w3.org/2001/XMLSchema-instance"
    xsi:schemaLocation="http://www.loc.gov/MARC21/slim http://www.loc.gov/standards/marcxml/schema/MARC21slim.xsd"
    xmlns="http://www.loc.gov/MARC21/slim">

  <leader>00450cam a2200193ua 4500</leader>
  <controlfield tag="001">19287</controlfield>
  <controlfield tag="008">151216n2012    II  |||gr||||Z||||||eng</controlfield>
  <datafield tag="040" ind1=" " ind2=" ">
    <subfield code="a">MAIN</subfield>
  </datafield>
  <datafield tag="041" ind1=" " ind2=" ">
    <subfield code="a">English</subfield>
  </datafield>
  <datafield tag="082" ind1=" " ind2=" ">
    <subfield code="a">547 SIN</subfield>
  </datafield>
  <datafield tag="100" ind1=" " ind2=" ">
    <subfield code="a">SINGH, JAGADAMBA.</subfield>
  </datafield>
  <datafield tag="245" ind1=" " ind2=" ">
    <subfield code="a">ADVANCED ORGANIC CHEMISTRY</subfield>
  </datafield>
  <datafield tag="250" ind1=" " ind2=" ">
    <subfield code="a">8TH.</subfield>
  </datafield>
  <datafield tag="260" ind1=" " ind2=" ">
    <subfield code="a">MEERUT</subfield>
    <subfield code="b">PRAGATI PRAKASHAN</subfield>
    <subfield code="c">2012</subfield>
  </datafield>
  <datafield tag="300" ind1=" " ind2=" ">
    <subfield code="a">778:</subfield>
    <subfield code="c">24CM.</subfield>
  </datafield>
  <datafield tag="653" ind1=" " ind2=" ">
    <subfield code="a">Organic chemistry</subfield>
  </datafield>
  <datafield tag="700" ind1=" " ind2=" ">
    <subfield code="a">YADAV, L.D.S.</subfield>
  </datafield>
  <datafield tag="942" ind1=" " ind2=" ">
    <subfield code="c">BK</subfield>
  </datafield>
  <datafield tag="999" ind1=" " ind2=" ">
    <subfield code="c">19149</subfield>
    <subfield code="d">19149</subfield>
  </datafield>
  <datafield tag="952" ind1=" " ind2=" ">
    <subfield code="0">0</subfield>
    <subfield code="1">0</subfield>
    <subfield code="4">0</subfield>
    <subfield code="7">0</subfield>
    <subfield code="8">TBCHE</subfield>
    <subfield code="a">MAIN</subfield>
    <subfield code="b">MAIN</subfield>
    <subfield code="c">CH#</subfield>
    <subfield code="d">2013-05-02</subfield>
    <subfield code="o">547 SIN</subfield>
    <subfield code="p">28877</subfield>
    <subfield code="r">2020-02-27 00:00:00</subfield>
    <subfield code="t">1</subfield>
    <subfield code="w">2020-02-27</subfield>
    <subfield code="y">BK</subfield>
    <subfield code="z">V</subfield>
  </datafield>
  <datafield tag="952" ind1=" " ind2=" ">
    <subfield code="0">0</subfield>
    <subfield code="1">0</subfield>
    <subfield code="4">0</subfield>
    <subfield code="7">0</subfield>
    <subfield code="8">TBCHE</subfield>
    <subfield code="a">MAIN</subfield>
    <subfield code="b">MAIN</subfield>
    <subfield code="c">CH#</subfield>
    <subfield code="d">2013-05-02</subfield>
    <subfield code="o">547 SIN</subfield>
    <subfield code="p">28878</subfield>
    <subfield code="r">2020-02-27 00:00:00</subfield>
    <subfield code="t">2</subfield>
    <subfield code="w">2020-02-27</subfield>
    <subfield code="y">BK</subfield>
    <subfield code="z">V</subfield>
  </datafield>
</record>
